| 000 | 00614nam a22002057a 4500 | ||
|---|---|---|---|
| 005 | 20260515162637.0 | ||
| 008 | 260515b |||||||| |||| 00| 0 eng d | ||
| 020 |
_a9789355326478 _c1750.00 |
||
| 040 | _aMAIN | ||
| 041 | _aEnglish | ||
| 082 |
_a005.133 _bSCH |
||
| 100 |
_aSchildt, Herbert _92482 |
||
| 245 |
_aJava The Complete Reference Thirteenth Twelfth Edition _b: Comprehensive Coverage of the java Language |
||
| 250 | _a13th | ||
| 260 |
_aChennai _bMcGraw Hill Education _c2025 |
||
| 300 | _a1246 | ||
| 650 |
_aComputer Science (PM (USHA) _926808 |
||
| 700 |
_aCowaard, Danny _926831 |
||
| 942 | _cBK | ||
| 999 |
_c60812 _d60812 |
||